Convivir con la Hipertensión (Registro nro. 36947)
[ vista simple ]
| 000 -ENCABEZADO | |
|---|---|
| Número de control [NR] | 00949nam a2200265Ia 4500 |
| 008 - DE LONGITUD FIJA DE DATOS DE ELEMENTOS - INFORMACIÓN GENERAL | |
| Elementos de longitud fija [NR] | 130821s2008 sp a gr spa |
| 020 ## - NUMERO INTERNACIONAL NORMALIZADO PARA LIBROS [R] | |
| Número Internacional Normalizado del libro [NR] | 9788498351606 |
| 040 ## - FUENTE DE CATALOGACION [NR] | |
| Agencia de catalogación original [NR] | Co-BoUCM |
| Idioma de catalogación [NR] | spa |
| 041 00 - CODIGO DE IDIOMA [R] | |
| Código de idioma para texto/pista de sonido o título separado [R] | Español |
| 060 00 - SIGNATURA TOPOGRAFICA DE LA BIBLIOTECA NACIONAL DE MEDICINA (NLM) [R] | |
| Número clasificador [R] | WG 340 |
| 100 1# - ASIENTO PRINCIPAL--NOMBRE PERSONAL [NR] | |
| Nombre personal [NR] | Suárez Fernández, Carmen |
| 245 10 - MENCION DE TITULO [NR] | |
| Título [NR] | Convivir con la Hipertensión |
| Mención de responsabilidad, etc. [NR] | Carmen Suárez Fernández, Antonio Coca Payeras ; ilustraciones Javier Bejega ; director Federico Micheli |
| 260 ## - PUBLICACION, DISTRIBUCION, ETC. (PIE DE IMPRENTA) [R] | |
| Lugar de publicación, distribución, etc. [R] | Madrid (España) |
| Nombre del editor, distribuidor, etc. [R] | Editorial Médica Panamericana |
| Fecha de publicación, distribución, etc. [R] | 2008 |
| 300 ## - DESCRIPCION FISICA [R] | |
| Extensión [R] | 118 páginas |
| Otros detalles físicos [NR] | ilustraciones, gráficas |
| 490 #0 - MENCION DE SERIE [R] | |
| Mención de serie [R] | Convivir con... |
| 650 04 - ASIENTO SECUNDARIO DE MATERIA - TERMINO TEMATICO [R] | |
| Término temático o nombre geográfico como elemento de entrada [NR] | Cardiología |
| 9 (RLIN) | 10489 |
| 650 04 - ASIENTO SECUNDARIO DE MATERIA - TERMINO TEMATICO [R] | |
| Término temático o nombre geográfico como elemento de entrada [NR] | Fisiopatología |
| 9 (RLIN) | 15951 |
| 650 04 - ASIENTO SECUNDARIO DE MATERIA - TERMINO TEMATICO [R] | |
| Término temático o nombre geográfico como elemento de entrada [NR] | Hipertensión arterial |
| 9 (RLIN) | 16869 |
| 650 04 - ASIENTO SECUNDARIO DE MATERIA - TERMINO TEMATICO [R] | |
| Término temático o nombre geográfico como elemento de entrada [NR] | Hipertensión |
| 9 (RLIN) | 16867 |
| 650 04 - ASIENTO SECUNDARIO DE MATERIA - TERMINO TEMATICO [R] | |
| Término temático o nombre geográfico como elemento de entrada [NR] | Presión arterial |
| 9 (RLIN) | 344 |
| 700 1# - ASIENTO SECUNDARIO - NOMBRE PERSONAL [R] | |
| Nombre personal [NR] | Bejega, Javier |
| Término de relación [R] | |
| 700 1# - ASIENTO SECUNDARIO - NOMBRE PERSONAL [R] | |
| Nombre personal [NR] | Coca Payeras, Antonio |
| 700 1# - ASIENTO SECUNDARIO - NOMBRE PERSONAL [R] | |
| Nombre personal [NR] | Micheli, Federico |
| Término de relación [R] | |
| 942 ## - ELEMENTOS DE ENTRADA AGREGADOS (KOHA) | |
| Tipo de ítem principal el descrito en 300a | Libro |
| Tema principal | Medicina |
| Edición | 1 |
| Parte restante de la signatura top. | S939c |
| Sistema de clasificación | NLM |
| Clasificación | WG 340 |
| Título oculto en OPAC | No |
| Fecha de último préstamo | Total préstamos | Total Renewals | Signatura topográfica | Código de barras | Última vez visto | Ejemplar | Price effective from | Tipo de ítem | Perdido | Sistema de clasificación | Dañado | No prestable | Tipo de ítem específico | Suprimido | Ubicación habitual | Ubicación actual | Localización | Fecha de creación | Forma de adquisición | Costo |
|---|---|---|---|---|---|---|---|---|---|---|---|---|---|---|---|---|---|---|---|---|
| 09/05/2024 | 21 | 12 | WG 340 S939c | 200022669 | 21/05/2026 | Ej.1 | 03/02/2013 | Libro | NLM | Libro | Quinta de Mutis | Quinta de Mutis | 2do piso | 28/02/2012 | Compra | 24800.00 | ||||
| 08/08/2024 | 15 | 2 | WG 340 S939c | 200022668 | 12/12/2025 | Ej.2 | 03/02/2013 | Libro | NLM | Libro | Quinta de Mutis | Quinta de Mutis | 2do piso | 28/02/2012 | Compra | 24800.00 |